[Event "Hradec Kralove Region-chT 2223"]
[Site "Czech Republic"]
[Date "2023.04.02"]
[Round "11.1"]
[White "Cech, Pavel"]
[Black "Slavik, Jan"]
[Result "1/2-1/2"]
[WhiteElo "2350"]
[BlackElo "1887"]
[PlyCount "84"]
[EventDate "2022.10.09"]
[EventType "team-tourn"]
[EventRounds "11"]
[EventCountry "CZE"]
[SourceTitle "EXT 2024"]
[Source "ChessBase"]
[SourceDate "2023.10.10"]
[SourceVersion "1"]
[SourceVersionDate "2023.10.10"]
[SourceQuality "1"]

1. d4 Nf6 2. c4 c5 3. d5 b5 4. Qc2 bxc4 5. e4 g6 6. Bxc4 d6 7. Nf3 Bg7 8. 0-0 0-0 9. Bf4 Nbd7 10. Nc3 Rb8 11. Rfe1 Qb6 12. b3 Ba6 13. Na4 Qb7 14. Rad1 Bxc4 15. Qxc4 Qb4 16. Nd2 Ng4 17. Qxb4 Rxb4 18. Nc4 Nge5 19. Nab2 Re8 20. Bxe5 Nxe5 21. Nxe5 Bxe5 22. Nd3 Rd4 23. Nxe5 dxe5 24. Rxd4 exd4 25. Rc1 Rc8 26. Kf1 Kf8 27. Ke2 Ke8 28. Kd3 a5 29. Kc4 Kd7 30. e5 Ra8 31. Rd1 Rc8 32. Rd2 e6 33. f4 exd5+ 34. Kxd5 Rc7 35. g4 h6 36. f5 Rc6 37. Re2 Rc8 38. Rf2 Ke7 39. Re2 Kd7 40. Rf2 Ke7 41. Re2 Kd7 42. Rd2 Ke7 1/2-1/2

[Event "Hradec Kralove Region-chT 2223"]
[Site "Czech Republic"]
[Date "2023.03.19"]
[Round "10.1"]
[White "Slavik, Jan"]
[Black "Cibulka, Josef"]
[Result "1-0"]
[WhiteElo "1873"]
[BlackElo "2017"]
[PlyCount "39"]
[EventDate "2022.10.09"]
[EventType "team-tourn"]
[EventRounds "11"]
[EventCountry "CZE"]
[SourceTitle "EXT 2024"]
[Source "ChessBase"]
[SourceDate "2023.10.10"]
[SourceVersion "1"]
[SourceVersionDate "2023.10.10"]
[SourceQuality "1"]

1. e4 e5 2. Nf3 Nc6 3. Bc4 Nf6 4. d4 exd4 5. e5 Ne4 6. Bd5 Bb4+ 7. Kf1 Nc5 8. a3 Ba5 9. b4 Bb6 10. bxc5 Bxc5 11. Nbd2 0-0 12. Ne4 Bb6 13. Nfg5 h6 14. Qh5 Nxe5 15. Nxf7 Nxf7 16. Bxh6 d3 17. Qg6 Bd4 18. c3 Bf6 19. Ng5 Bxg5 20. Qxg7# 1-0

[Event "Hradec Kralove Region-chT 2223"]
[Site "Czech Republic"]
[Date "2023.02.26"]
[Round "9.1"]
[White "Flasar, Jaroslav"]
[Black "Slavik, Jan"]
[Result "1-0"]
[WhiteElo "2040"]
[BlackElo "1885"]
[PlyCount "93"]
[EventDate "2022.10.09"]
[EventType "team-tourn"]
[EventRounds "11"]
[EventCountry "CZE"]
[SourceTitle "EXT 2024"]
[Source "ChessBase"]
[SourceDate "2023.10.10"]
[SourceVersion "1"]
[SourceVersionDate "2023.10.10"]
[SourceQuality "1"]

1. e4 e5 2. Nf3 Nf6 3. Bc4 Nxe4 4. Nc3 Nd6 5. Nxe5 Nxc4 6. Nxc4 d5 7. Ne5 d4 8. Qe2 Be7 9. Nb5 c6 10. Na3 0-0 11. 0-0 Re8 12. Qf3 Be6 13. Nd3 Bd5 14. Qd1 Qd6 15. c4 Be4 16. Ne1 d3 17. b3 Qe5 18. Rb1 Bd6 19. g3 Nd7 20. Bb2 Qe6 21. Ng2 Ne5 22. f3 Bc5+ 23. Kh1 Bg6 24. Nf4 Qd6 25. Qc1 Bf5 26. Ra1 Ng6 27. Nh5 f6 28. g4 Re2 29. Ng3 Rae8 30. gxf5 Nh4 31. b4 Nxf3 32. Rxf3 Bxb4 33. c5 Bxc5 34. Qc4+ Kh8 35. Qxd3 Re1+ 36. Rxe1 Rxe1+ 37. Kg2 Qf8 38. Rf1 Re7 39. Nc2 Qe8 40. Qf3 Qd7 41. Bc3 b6 42. Re1 a5 43. Rxe7 Bxe7 44. Nd4 c5 45. Qa8+ Qd8 46. Qxd8+ Bxd8 47. Ne6 1-0

[Event "Hradec Kralove Region-chT 2223"]
[Site "Czech Republic"]
[Date "2022.10.30"]
[Round "2.1"]
[White "Szucs, Matyas"]
[Black "Slavik, Jan"]
[Result "1-0"]
[WhiteElo "2106"]
[BlackElo "1913"]
[PlyCount "71"]
[EventDate "2022.10.09"]
[EventType "team-tourn"]
[EventRounds "11"]
[EventCountry "CZE"]
[SourceTitle "EXT 2024"]
[Source "ChessBase"]
[SourceDate "2023.10.10"]
[SourceVersion "1"]
[SourceVersionDate "2023.10.10"]
[SourceQuality "1"]

1. e4 e5 2. Nf3 Nf6 3. Nc3 Nc6 4. d4 exd4 5. Nxd4 Bb4 6. Nxc6 bxc6 7. Bd3 0-0 8. 0-0 Re8 9. Qf3 d6 10. h3 h6 11. Bd2 Be6 12. Rae1 Nh7 13. Qg3 Kh8 14. f4 f6 15. Kh1 Qd7 16. a3 Ba5 17. b4 Bb6 18. Ba6 Rab8 19. Qd3 c5 20. f5 Bf7 21. Ne2 d5 22. Nf4 c6 23. exd5 Bxd5 24. c4 Bxg2+ 25. Kxg2 Qxd3 26. Rxe8+ Rxe8 27. Nxd3 Rd8 28. Rf3 Ng5 29. Bxg5 hxg5 30. bxc5 Bc7 31. Nb4 Rd2+ 32. Kf1 Bf4 33. Nxc6 Rd1+ 34. Ke2 Ra1 35. Nb4 Rb1 36. Rxf4 1-0

[Event "Pardubice Czech op-C 29th"]
[Site "Pardubice"]
[Date "2018.07.25"]
[Round "6"]
[White "Yazlovetskiy, Denis"]
[Black "Slavik, Jan"]
[Result "1/2-1/2"]
[WhiteElo "1927"]
[BlackElo "1925"]
[PlyCount "31"]
[EventDate "2018.07.21"]
[EventType "swiss"]
[EventRounds "9"]
[EventCountry "CZE"]
[SourceTitle "CBM 186 Extra"]
[Source "ChessBase"]
[SourceDate "2018.08.24"]
[SourceVersion "1"]
[SourceVersionDate "2018.08.24"]
[SourceQuality "1"]

1. d4 Nf6 2. c4 d5 3. cxd5 Nxd5 4. e4 Nf6 5. Nc3 e6 6. Nf3 Be7 7. Be2 0-0 8. 0-0 b6 9. Be3 Bb7 10. Qc2 Nbd7 11. Rfd1 Re8 12. Bf4 Nh5 13. Be3 Nhf6 14. Bf4 Nh5 15. Be3 Nhf6 16. Bf4 1/2-1/2

[Event "Pardubice Czech op-C 29th"]
[Site "Pardubice"]
[Date "2018.07.24"]
[Round "5"]
[White "Slavik, Jan"]
[Black "Glinzner, Alva"]
[Result "1-0"]
[WhiteElo "1925"]
[BlackElo "1839"]
[PlyCount "161"]
[EventDate "2018.07.21"]
[EventType "swiss"]
[EventRounds "9"]
[EventCountry "CZE"]
[SourceTitle "CBM 186 Extra"]
[Source "ChessBase"]
[SourceDate "2018.08.24"]
[SourceVersion "1"]
[SourceVersionDate "2018.08.24"]
[SourceQuality "1"]

1. e4 c5 2. Nf3 e6 3. d4 cxd4 4. c3 Nf6 5. e5 Nd5 6. Nxd4 d6 7. Bb5+ Bd7 8. exd6 Bxb5 9. Nxb5 Bxd6 10. Nxd6+ Qxd6 11. 0-0 Qe7 12. Re1 Nc6 13. b3 Rd8 14. Qc2 Qc7 15. Na3 0-0 16. Bb2 Nf4 17. Rad1 Ne5 18. Bc1 Nd5 19. Nb5 Qb8 20. h3 a6 21. Nd4 Rc8 22. c4 Ng6 23. Qb2 Nf6 24. Bg5 Nh5 25. Nf3 h6 26. Be3 Rfd8 27. Bb6 Rxd1 28. Rxd1 Nf6 29. Qd4 Nf4 30. Kf1 Ng6 31. g3 Re8 32. Qd8 Rxd8 33. Rxd8+ Qxd8 34. Bxd8 Nd7 35. Ke2 Kf8 36. Ke3 Ke8 37. Bc7 Ne7 38. b4 f6 39. Nd4 Kf7 40. Bd8 e5 41. Nc2 Nc6 42. Bc7 Ke6 43. a4 b6 44. Kd3 f5 45. f3 g5 46. g4 f4 47. Kd2 Ke7 48. Kc3 Ke6 49. Kd3 Ke7 50. c5 bxc5 51. b5 axb5 52. axb5 Nd4 53. Nxd4 cxd4 54. Kc4 Ke6 55. b6 d3 56. Kxd3 Kd5 57. Bd8 Nc5+ 58. Ke2 e4 59. Be7 exf3+ 60. Kxf3 Nb7 61. Bf8 Ke6 62. Bxh6 Kf6 63. h4 gxh4 64. Bxf4 Ke6 65. Bg5 Kd6 66. Bxh4 Kc6 67. Bf2 Nd8 68. Ke4 Nf7 69. Kf4 Kd6 70. g5 Kc6 71. Bg1 Nd8 72. Kf5 Nf7 73. Kf6 Nxg5 74. Kxg5 Kb7 75. Kf5 Kc6 76. Kf6 Kd7 77. Ke5 Kc6 78. Ke6 Kb7 79. Kd7 Ka8 80. Kc6 Kb8 81. Bh2+ 1-0

[Event "Pardubice Czech op-C 29th"]
[Site "Pardubice"]
[Date "2018.07.23"]
[Round "3"]
[White "Slavik, Jan"]
[Black "Arnold, Leander"]
[Result "1/2-1/2"]
[WhiteElo "1925"]
[BlackElo "1783"]
[PlyCount "37"]
[EventDate "2018.07.21"]
[EventType "swiss"]
[EventRounds "9"]
[EventCountry "CZE"]
[SourceTitle "CBM 186 Extra"]
[Source "ChessBase"]
[SourceDate "2018.08.24"]
[SourceVersion "1"]
[SourceVersionDate "2018.08.24"]
[SourceQuality "1"]

1. e4 e6 2. c4 d5 3. exd5 exd5 4. d4 Nf6 5. Nf3 Nc6 6. a3 Bg4 7. c5 Be7 8. Be2 0-0 9. 0-0 Ne4 10. Be3 f5 11. Nc3 f4 12. Bc1 Kh8 13. Ne5 Bxe2 14. Nxc6 Bxd1 15. Nxd8 Raxd8 16. Rxd1 c6 17. f3 Nxc3 18. bxc3 Bh4 19. Rb1 1/2-1/2

[Event "Pardubice Czech op-J 29th"]
[Site "Pardubice"]
[Date "2018.07.15"]
[Round "3"]
[White "Neuman, Petr"]
[Black "Slavik, Jan"]
[Result "1-0"]
[WhiteElo "2440"]
[BlackElo "1925"]
[PlyCount "75"]
[EventDate "2018.07.13"]
[EventType "swiss"]
[EventRounds "7"]
[EventCountry "CZE"]
[SourceTitle "EXT 2019"]
[Source "ChessBase"]
[SourceDate "2018.10.10"]
[SourceVersion "1"]
[SourceVersionDate "2018.10.10"]
[SourceQuality "1"]

1. c4 e5 2. Nc3 Nf6 3. e3 Bb4 4. Nge2 0-0 5. a3 Bxc3 6. Nxc3 d5 7. cxd5 Nxd5 8. Qb3 c6 9. Be2 b6 10. 0-0 Be6 11. Qc2 Nd7 12. b4 Rc8 13. Bb2 Nxc3 14. Bxc3 Bd5 15. f4 e4 16. Qb2 f6 17. g4 Qe7 18. Rf2 c5 19. h4 cxb4 20. axb4 Rc7 21. g5 f5 22. h5 Re8 23. h6 g6 24. Ra3 Qf7 25. Rf1 Bc4 26. Bxc4 Qxc4 27. Kf2 a5 28. bxa5 b5 29. Rb1 Rb8 30. Bb4 Nc5 31. Bxc5 Qxc5 32. Rc3 Qd6 33. Rxc7 Qxc7 34. Rc1 Qd7 35. Qb4 Rb7 36. Rc5 Kf7 37. Qc3 Kg8 38. Rc8+ 1-0

[Event "CZE-chT2D 1516"]
[Site "Czech Republic"]
[Date "2016.02.21"]
[Round "8.7"]
[White "Slavik, Jan"]
[Black "Krahula, Pavel"]
[Result "1/2-1/2"]
[WhiteElo "1925"]
[BlackElo "1865"]
[PlyCount "61"]
[EventDate "2015.10.18"]
[EventType "team-tourn"]
[EventRounds "11"]
[EventCountry "CZE"]
[SourceTitle "EXT 2022"]
[Source "ChessBase"]
[SourceDate "2021.10.06"]
[SourceVersion "1"]
[SourceVersionDate "2021.10.06"]
[SourceQuality "1"]
[WhiteTeam "Rychnov nad Kneznou"]
[BlackTeam "Zabreh"]
[WhiteTeamCountry "CZE"]
[BlackTeamCountry "CZE"]

1. e4 c5 2. d4 cxd4 3. c3 d6 4. cxd4 Nf6 5. Nc3 e6 6. Nf3 Be7 7. Bf4 Nh5 8. Be3 0-0 9. Rc1 a6 10. Bd3 b5 11. 0-0 Nd7 12. e5 g6 13. exd6 Bxd6 14. Be4 Rb8 15. d5 e5 16. Bh6 Ng7 17. Ng5 Nf6 18. Kh1 Ng4 19. Bxg7 Kxg7 20. Qd2 h6 21. Nh3 f5 22. Bf3 Qh4 23. Bxg4 fxg4 24. Ng1 Rf5 25. g3 Qe7 26. Ne4 Bb7 27. a3 Rd8 28. Ne2 Bb8 29. N2c3 Qf7 30. Rcd1 Qe7 31. Kg1 1/2-1/2

[Event "Pardubice op rap 24th"]
[Site "Pardubice"]
[Date "2013.07.17"]
[Round "3"]
[White "Slavik, Jan"]
[Black "Kareva, Natalia"]
[Result "1-0"]
[WhiteElo "2009"]
[BlackElo "2109"]
[PlyCount "77"]
[EventDate "2013.07.17"]
[EventType "swiss (rapid)"]
[EventRounds "9"]
[EventCountry "CZE"]
[SourceTitle "CBM 155 Extra"]
[Source "ChessBase"]
[SourceDate "2013.08.26"]
[SourceVersion "1"]
[SourceVersionDate "2013.08.26"]
[SourceQuality "1"]

1. e4 e6 2. d4 d5 3. exd5 exd5 4. Bd3 Nf6 5. Nf3 Bg4 6. 0-0 Be7 7. Re1 0-0 8. Bg5 Nbd7 9. Nbd2 Re8 10. c3 Nf8 11. Qc2 h6 12. Bh4 Bxf3 13. Nxf3 Ne6 14. Bf5 g5 15. Bxe6 Ne4 16. Bf5 gxh4 17. Bxe4 dxe4 18. Rxe4 f5 19. Re6 Rf8 20. Rae1 Bg5 21. Qb3 Kh8 22. Ne5 Kh7 23. Qxb7 Rb8 24. Qc6 Rxb2 25. Rxh6+ Bxh6 26. Qg6+ Kh8 27. Qxh6+ Kg8 28. Qg6+ Kh8 29. Nf7+ Rxf7 30. Qxf7 Qg8 31. Qf6+ Qg7 32. Qxh4+ Kg8 33. Re8+ Kf7 34. Qe7+ Kg6 35. Qe6+ Kg5 36. h4+ Kxh4 37. Rg8 Rb6 38. g3+ Kh3 39. Qxf5+ 1-0

[Event "Harrachov op-A"]
[Site "Harrachov"]
[Date "2009.10.31"]
[Round "9"]
[White "Slavik, Jan"]
[Black "Korschner, Miroslav"]
[Result "0-1"]
[WhiteElo "2059"]
[BlackElo "2138"]
[PlyCount "136"]
[EventDate "2009.10.24"]
[EventType "swiss"]
[EventRounds "9"]
[EventCountry "CZE"]
[SourceTitle "EXT 2012"]
[Source "ChessBase"]
[SourceDate "2011.11.24"]
[SourceVersion "1"]
[SourceVersionDate "2011.11.24"]
[SourceQuality "1"]

1. e4 e6 2. d4 d5 3. exd5 exd5 4. Bd3 Bd6 5. Nf3 h6 6. h3 Qf6 7. Be3 Ne7 8. 0-0 c6 9. Re1 Nd7 10. Nbd2 Nf8 11. b3 Ne6 12. c4 Bd7 13. Qc2 g5 14. Ne5 Bxe5 15. dxe5 Qxe5 16. Bxa7 Qd6 17. Be3 Rg8 18. f3 Nf4 19. Bxf4 gxf4 20. Kh2 0-0-0 21. Re2 Qf6 22. Rae1 Nf5 23. Bxf5 Bxf5 24. Qc1 d4 25. Qa3 Qg5 26. Qa8+ Kc7 27. Qa5+ Kb8 28. Qe5+ Kc8 29. Ne4 Bxe4 30. Qxg5 hxg5 31. Rxe4 c5 32. g3 fxg3+ 33. Kxg3 Rg6 34. Re5 b6 35. R1e2 Kc7 36. Kg4 f6 37. Re6 Rd6 38. Re7+ Rd7 39. R7e6 Rh6 40. Kg3 Rdh7 41. Rh2 f5 42. Rxh6 Rxh6 43. Re2 Kd6 44. f4 gxf4+ 45. Kxf4 Rxh3 46. Kxf5 Re3 47. Rd2 Ke7 48. Rh2 Kd6 49. Rd2 Kc6 50. Kf4 Kb7 51. Rc2 Ka6 52. Rd2 Ka5 53. Rc2 Ka6 54. Rd2 Ka5 55. Rc2 Kb4 56. Rh2 Re6 57. Kf5 Rd6 58. Ke5 Rd8 59. Ke4 Kc3 60. Rg2 d3 61. Rg3 Re8+ 62. Kd5 Kc2 63. Kc6 Re6+ 64. Kb5 d2 65. Rg2 Kc1 66. Rxd2 Kxd2 67. b4 cxb4 68. Kxb4 Re5 0-1

[Event "Decin Treybal op"]
[Site "Decin"]
[Date "2006.03.13"]
[Round "8"]
[White "Hrdina, Stanislav"]
[Black "Slavik, Jan"]
[Result "0-1"]
[WhiteElo "1660"]
[BlackElo "1691"]
[PlyCount "94"]
[EventDate "2006.01.23"]
[EventType "swiss"]
[EventRounds "9"]
[EventCountry "CZE"]
[SourceTitle "EXT 2008"]
[Source "ChessBase"]
[SourceDate "2007.11.25"]
[SourceVersion "1"]
[SourceVersionDate "2007.11.25"]
[SourceQuality "1"]

1. d4 d5 2. Nf3 Nf6 3. g3 c6 4. Bg2 Nbd7 5. 0-0 g6 6. b3 Bg7 7. Bb2 0-0 8. Nbd2 Re8 9. Re1 Ng4 10. h3 Nh6 11. c4 e6 12. Qc2 f5 13. e3 Nf7 14. Rad1 Nf6 15. Ne5 Nd6 16. cxd5 exd5 17. Kh2 Nfe4 18. Nxe4 fxe4 19. f4 exf3 20. Nxf3 Bf5 21. Qe2 Ne4 22. Nd2 Nd6 23. Nf3 Bh6 24. Bc1 Ne4 25. Qb2 Qc7 26. Ne5 Bg7 27. Bxe4 Bxe4 28. Ng4 Bf3 29. Rd3 Bxg4 30. hxg4 Re4 31. Qe2 Qd7 32. g5 Rf8 33. Rf1 Rxf1 34. Qxf1 Qg4 35. Rd1 Qxg5 36. Qf3 Qe7 37. Rf1 h5 38. Bd2 Bh6 39. Re1 Qe6 40. Rf1 h4 41. gxh4 Rxh4+ 42. Kg2 Rh5 43. Kg1 Rg5+ 44. Kh2 Rf5 45. Qe2 Qd6+ 46. Kg2 Rg5+ 47. Kh1 Qg3 0-1

[Event "Decin Treybal op"]
[Site "Decin"]
[Date "2006.02.20"]
[Round "5"]
[White "Slavik, Jan"]
[Black "Fajfr, Jaroslav"]
[Result "1/2-1/2"]
[WhiteElo "1691"]
[BlackElo "1729"]
[PlyCount "91"]
[EventDate "2006.01.23"]
[EventType "swiss"]
[EventRounds "9"]
[EventCountry "CZE"]
[SourceTitle "EXT 2008"]
[Source "ChessBase"]
[SourceDate "2007.11.25"]
[SourceVersion "1"]
[SourceVersionDate "2007.11.25"]
[SourceQuality "1"]

1. f4 d5 2. Nf3 Nf6 3. e3 Nc6 4. b3 g6 5. Bb2 Bg7 6. Be2 0-0 7. 0-0 Bf5 8. Nd4 Nxd4 9. Bxd4 b6 10. Bxf6 Bxf6 11. c3 c5 12. Na3 a6 13. Rc1 e5 14. fxe5 Bxe5 15. d4 cxd4 16. exd4 Bd6 17. Nc2 Be4 18. Bf3 f5 19. Qd2 Rc8 20. Bxe4 dxe4 21. c4 f4 22. Rcd1 e3 23. Qe2 Qh4 24. Rf3 Qg4 25. b4 Qf5 26. c5 Bb8 27. Nxe3 Qe4 28. Qc4+ Kg7 29. Ng4 b5 30. Qd3 Qe6 31. Nf2 Qxa2 32. d5 Rce8 33. d6 Qe6 34. Qd4+ Kh6 35. Rh3+ Kg5 36. Qd5+ Qxd5 37. Rxd5+ Kf6 38. Ng4+ Kg7 39. Ne5 Rf5 40. d7 Rd8 41. Nc6 Rxd5 42. Nxd8 Rxd7 43. Ne6+ Kf6 44. Nf8 Rd1+ 45. Kf2 h5 46. Ke2 1/2-1/2